000 00443ntaaa2200181 4500
003 01
005 20251027202232.0
008 0714s1973 ag 01
040 _aAR-BaBN
_bspa
_cAR-BaBN
_eaacr
_dRIC
082 _a268.1100 C35
100 _aChamberlain, Eugene
_99263
245 _aThe bible
250 _a1 ed.
260 _aNashville :
_bConvention Press,
_c1962
300 _a116 p
500 _aTexto para escuelas bĂ­blicas
942 _cBK
999 _c17198
_d17198